000 00444 a2200181 4500
001 109086
020 _a0321235770
041 _apor
090 _aP Year 7 [E] JOH
100 _aJohnston, Jason et.al.
250 _a. ed.
697 _aMathematics.
856 _u000003/00000343.jpg
040 _aBR-BrIDEA
_cBR-BrIDEA
245 1 0 _aMath Makes Sense 7
_c Jason et.al Johnston
260 _a[S.l.]
_bPearson Education
_c2005
942 _cBK
999 _c109086
_d109086